20 Biggest Cities in Hawaii - Statistics

General Stats
  • This quiz has been taken 62 times
  • The average score is 8 of 20
Answer Stats
Hint Answer % Correct
49,420 East Honolulu
100%
350,429 Honolulu
100%
48,354 Hilo
81%
46,664 Pearl City
77%
40,604 Kailua
51%
23,028 Kailua
51%
15,202 Ewa Beach
42%
27,949 Ewa Gentry
42%
27,382 Kahului
42%
21,630 Mililani Mauka
26%
27,389 Mililani Town
26%
35,642 Kaneohe
23%
40,149 Waipahu
21%
22,475 Kihei
19%
23,954 Kapolei
16%
18,427 Schofield Barracks
16%
16,803 Wailuku
14%
21,523 Makakilo
9%
17,475 Ocean Pointe
9%
17,330 Wahiawa
7%
No matching quizzes found
Score Distribution
Percent of People with Each Score
Percentile by Number Answered
Your Score History
You have not taken this quiz